[Event "Ulan-Ude Vakarin Memorial"]
[Site "Ulan-Ude"]
[Date "2010.06.??"]
[Round "4"]
[White "Radnaev, Anatoly"]
[Black "Tsydypov, Bair"]
[Result "0-1"]
[WhiteElo "2052"]
[BlackElo "2041"]
[PlyCount "94"]
[EventDate "2010.06.??"]
[EventType "tourn"]
[EventRounds "9"]
[EventCountry "RUS"]
[SourceTitle "EXT 2012"]
[Source "ChessBase"]
[SourceDate "2011.11.24"]
[SourceVersion "1"]
[SourceVersionDate "2011.11.24"]
[SourceQuality "1"]

1. Nf3 c5 2. g3 b6 3. Bg2 Bb7 4. 0-0 Nf6 5. d3 g6 6. e4 Bg7 7. c4 0-0 8. Nc3 Nc6 9. h3 Ne8 10. Bg5 Nd4 11. Nh2 h6 12. Be3 f5 13. Qd2 fxe4 14. dxe4 Nd6 15. b3 Nf7 16. f4 e6 17. Rad1 d6 18. g4 Qd7 19. Ne2 Nxe2+ 20. Qxe2 Rae8 21. h4 Qe7 22. Bf2 Nd8 23. Bg3 Nc6 24. Qd3 Nd4 25. Rde1 Qf7 26. Kh1 Bc6 27. Rg1 Qb7 28. Nf1 b5 29. Ne3 a5 30. Rb1 Qe7 31. Rbf1 a4 32. e5 Bxg2+ 33. Nxg2 axb3 34. axb3 bxc4 35. bxc4 dxe5 36. fxe5 Qb7 37. Rxf8+ Rxf8 38. Qxg6 Ne2 39. Qxe6+ Kh8 40. Be1 Qf3 41. Kh2 Qe4 42. Kh1 Nxg1 43. Kxg1 Qd4+ 44. Kh2 Rf1 45. g5 Qxe5+ 46. Qxe5 Bxe5+ 47. Kh3 h5 0-1